Padanāma kośa : (Record no. 73513)
[ view plain ]
| 000 -LEADER | |
|---|---|
| fixed length control field | 00710cam a2200217 a 4500 |
| 001 - CONTROL NUMBER | |
| control field | sa 67002906 |
| 003 - CONTROL NUMBER IDENTIFIER | |
| control field | DLC |
| 005 - DATE AND TIME OF LATEST TRANSACTION | |
| control field | 20260227112334.0 |
| 008 - FIXED-LENGTH DATA ELEMENTS--GENERAL INFORMATION | |
| fixed length control field | 860227s1962 ii d 000 0 maro |
| 010 ## - LIBRARY OF CONGRESS CONTROL NUMBER | |
| LC control number | sa 67002906 |
| 040 ## - CATALOGING SOURCE | |
| Original cataloging agency | DLC |
| Transcribing agency | DLC |
| 041 0# - LANGUAGE CODE | |
| Language code of text/sound track or separate title | mar |
| -- | eng |
| 050 00 - LIBRARY OF CONGRESS CALL NUMBER | |
| Classification number | JQ205 |
| Item number | .A52 |
| 110 1# - MAIN ENTRY--CORPORATE NAME | |
| Corporate name or jurisdiction name as entry element | Maharashtra (India). |
| Subordinate unit | Directorate of Languages. |
| 245 10 - TITLE STATEMENT | |
| Title | Padanāma kośa : |
| Remainder of title | Iṅgrajī-Marāṭhī. |
| 260 ## - PUBLICATION, DISTRIBUTION, ETC. | |
| Place of publication, distribution, etc. | Mumbaī : |
| Name of publisher, distributor, etc. | Bhāshā San̄cālanālaya, Mahārāshṭra Śāsana, |
| Date of publication, distribution, etc. | [1962] |
| 300 ## - PHYSICAL DESCRIPTION | |
| Extent | 3, 2, 246, 166 p. ; |
| Dimensions | 21 cm. |
| 546 ## - LANGUAGE NOTE | |
| Language note | In Marathi and English. |
| 650 #0 - SUBJECT ADDED ENTRY--TOPICAL TERM | |
| Topical term or geographic name entry element | Public administration |
| Geographic subdivision | India |
| -- | Maharashtra |
| Form subdivision | Terminology. |
| 650 #0 - SUBJECT ADDED ENTRY--TOPICAL TERM | |
| Topical term or geographic name entry element | English language |
| Form subdivision | Dictionaries |
| General subdivision | Marathi. |
No items available.